000 01636nam a2200445 i 4500
001 ELB80127
003 FINmELB
005 20250326043658.0
006 m o u
007 cr cn|||||||||
008 200420s2017 ec o 000 0 spa d
020 _z9789978772102
020 _a9781512938524 (e-book)
035 _a(OCoLC)1152962764
040 _aFINmELB
_bspa
_erda
_cFINmELB
050 1 4 _aJL3031
_bM827 2017
080 _a321.7(866)
082 0 4 _a320.9866
_223
100 1 _aMora Varela, Jaime.
245 1 0 _aMontecristi-Ciudad Alfaro :
_b¿radicalización de la democracia? /
_cJaime Mora.
264 1 _aQuito, Ecuador :
_bEditorial de la Pontificia Universidad Católica del Ecuador,
_c2017.
300 _a1 recurso en línea (240 páginas)
336 _atexto
_btxt
_2rdacontent/spa
337 _acomputadora
_bc
_2rdamedia/spa
338 _arecurso en línea
_bcr
_2rdacarrier/spa
588 _aDescripción basada en metadatos suministrados por el editor y otras fuentes.
590 _aRecurso electrónico. Santa Fe, Arg.: elibro, 2019. Disponible vía World Wide Web. El acceso puede estar limitado para las bibliotecas afiliadas a elibro.
650 0 _aDemocracy
_zEcuador.
650 0 _aConstitutional law
_zEcuador.
650 4 _aDemocracia
_zEcuador.
650 4 _aDerecho constitucional
_zEcuador.
655 4 _aLibros electrónicos.
797 2 _aelibro, Corp.
856 4 0 _uhttps://elibro.net/ereader/usam/80127
999 _c150748
_d150748